[Event "Heusenstamm Sparkassen op-A 6th"]
[Site "Heusenstamm"]
[Date "2019.11.24"]
[Round "7"]
[White "Bobrowski, Damian"]
[Black "Koerbel, Ekkehard"]
[Result "0-1"]
[WhiteElo "1617"]
[BlackElo "1827"]
[PlyCount "44"]
[EventDate "2019.11.21"]
[EventType "swiss"]
[EventRounds "7"]
[EventCountry "GER"]
[SourceTitle "CBM 194 Extra"]
[Source "ChessBase"]
[SourceDate "2020.03.31"]
[SourceVersion "1"]
[SourceVersionDate "2020.03.31"]
[SourceQuality "1"]

1. d4 f5 2. Bf4 Nf6 3. e3 e6 4. h3 b6 5. Qf3 Nc6 6. Nc3 Bb7 7. 0-0-0 Na5 8. Qe2 Bb4 9. Nb5 0-0 10. a3 Be7 11. Bxc7 Qc8 12. Bd6 Qd8 13. Bc7 Qe8 14. Nd6 Bxd6 15. Bxd6 Rf7 16. Nf3 Ne4 17. Bf4 d6 18. Nd2 Rc8 19. Kb1 Qa4 20. Rc1 Rfc7 21. Nf3 Nc4 22. c3 Nxa3+ 0-1

[Event "Heusenstamm Sparkassen op-A 6th"]
[Site "Heusenstamm"]
[Date "2019.11.22"]
[Round "2"]
[White "Koerbel, Ekkehard"]
[Black "Faqiry, Ramat"]
[Result "1-0"]
[WhiteElo "1827"]
[BlackElo "1995"]
[PlyCount "127"]
[EventDate "2019.11.21"]
[EventType "swiss"]
[EventRounds "7"]
[EventCountry "GER"]
[SourceTitle "CBM 194 Extra"]
[Source "ChessBase"]
[SourceDate "2020.03.31"]
[SourceVersion "1"]
[SourceVersionDate "2020.03.31"]
[SourceQuality "1"]

1. e4 c5 2. Nc3 g6 3. g3 d6 4. Bg2 Bg7 5. d3 h5 6. h4 Nf6 7. Nh3 Nc6 8. 0-0 Bg4 9. f3 Bd7 10. Be3 Qb6 11. Qd2 Nd4 12. Nd1 e5 13. Ng5 Be6 14. c3 Nc6 15. Nxe6 fxe6 16. Bh3 Ke7 17. b4 Nd8 18. bxc5 dxc5 19. Nb2 Qc7 20. a4 Nf7 21. Nc4 b6 22. Qf2 Rad8 23. a5 Bh6 24. axb6 axb6 25. Ra6 Rb8 26. Bxc5+ Qxc5 27. Qxc5+ bxc5 28. Rxe6+ Kf8 29. Rxf6 Kg7 30. Rc6 Rb3 31. Rxc5 Rxc3 32. Rc7 Kf6 33. Rb1 Be3+ 34. Kf1 Bd4 35. Rc6+ Kg7 36. Ke2 Ra8 37. Rc7 Ra2+ 38. Ke1 Rh2 39. Bf1 Rhc2 40. Be2 Be3 41. Rxf7+ Kxf7 42. Nxe3 Ra2 43. Rd1 Rb3 44. Nc4 Ke6 45. Kf2 Rc3 46. Ke3 Ra4 47. Kd2 Rb3 48. Rc1 Ra2+ 49. Rc2 Ra1 50. Bd1 Rbb1 51. Ne3 Ra6 52. f4 Rb8 53. f5+ gxf5 54. exf5+ Kf6 55. Bxh5 Rd8 56. Bf3 Ra3 57. Be4 Ra4 58. Nd5+ Kf7 59. Rc7+ Kf8 60. Ke3 Rd4 61. g4 R4xd5 62. Bxd5 Rxd5 63. g5 Rd4 64. Rc4 1-0

[Event "Wiesbaden op 31st"]
[Site "Wiesbaden"]
[Date "2019.08.22"]
[Round "1"]
[White "Nagel, Bernhard"]
[Black "Koerbel, Ekkehard"]
[Result "1-0"]
[WhiteElo "2228"]
[BlackElo "1820"]
[PlyCount "57"]
[EventDate "2019.08.22"]
[EventType "swiss"]
[EventRounds "7"]
[EventCountry "GER"]
[SourceTitle "EXT 2020"]
[Source "ChessBase"]
[SourceDate "2019.10.17"]
[SourceVersion "1"]
[SourceVersionDate "2019.10.17"]
[SourceQuality "1"]

1. c4 e5 2. Nc3 Nc6 3. Nf3 g6 4. d4 exd4 5. Nxd4 Bg7 6. Nxc6 bxc6 7. e4 Qe7 8. Bd3 Nf6 9. 0-0 0-0 10. Bf4 d6 11. Qd2 Rb8 12. Rfe1 Ng4 13. Bf1 Be6 14. Rac1 Qf6 15. h3 Ne5 16. Bg5 Rxb2 17. Qe3 Nxc4 18. Bxc4 Qe5 19. Re2 Rfb8 20. Rxb2 Rxb2 21. Bxe6 fxe6 22. Bf4 Qa5 23. e5 d5 24. Bg3 Qa3 25. Nxd5 Qxa2 26. Nf6+ Kh8 27. Kh2 Rd2 28. Qe4 Qb2 29. Rb1 1-0

[Event "Hofheim Spring op-B 7th"]
[Site "Hofheim"]
[Date "2019.04.23"]
[Round "1"]
[White "Tiraspolski, Arkadij"]
[Black "Koerbel, Ekkehard"]
[Result "0-1"]
[WhiteElo "1650"]
[BlackElo "1820"]
[PlyCount "150"]
[EventDate "2019.04.23"]
[EventType "swiss"]
[EventRounds "9"]
[EventCountry "GER"]
[SourceTitle "CBM 190 Extra"]
[Source "ChessBase"]
[SourceDate "2019.07.15"]
[SourceVersion "1"]
[SourceVersionDate "2019.07.15"]
[SourceQuality "1"]

1. d4 f5 2. Nc3 d5 3. Bf4 Nf6 4. e3 e6 5. a3 Be7 6. Nf3 0-0 7. h3 Ne4 8. g4 Bh4 9. Nxe4 fxe4 10. Nxh4 Qxh4 11. Bg3 Qf6 12. Qd2 c5 13. 0-0-0 Nd7 14. h4 c4 15. c3 b5 16. g5 Qe7 17. Bg2 a5 18. Kb1 Bb7 19. Rhf1 Rfc8 20. f3 b4 21. Ka2 exf3 22. Rxf3 bxa3 23. bxa3 Rf8 24. Rb1 Bc6 25. Rxf8+ Rxf8 26. Qd1 Rd8 27. Bh3 Nf8 28. Rb6 Be8 29. Ra6 Bg6 30. Rxa5 Qb7 31. Ra4 Bh5 32. Qc2 Bg6 33. Qb2 Qf7 34. Bf4 Bf5 35. Bxf5 exf5 36. Rb4 Rd7 37. Rb8 Qh5 38. Qh2 Kf7 39. Bd6 Ne6 40. Bg3 Qf3 41. Qf2 Qxf2+ 42. Bxf2 f4 43. exf4 Nxf4 44. Bg3 Ne2 45. Be1 Re7 46. Rb1 Kg6 47. Bd2 Kh5 48. Be1 Kg4 49. Kb2 g6 50. Kc2 Nf4 51. Bd2 Nd3 52. a4 Ra7 53. Ra1 Kxh4 54. a5 Kg4 55. a6 Kf5 56. Ra5 Ke6 57. Be3 Kd6 58. Bg1 Kc6 59. Bh2 Kb6 60. Rxd5 Kxa6 61. Rd6+ Kb5 62. Rd5+ Kc6 63. Rd6+ Kb5 64. Rd5+ Ka4 65. Rd8 Rb7 66. Ra8+ Kb5 67. Rb8 Rxb8 68. Bxb8 Kc6 69. Bg3 Kd5 70. Kd2 Ke4 71. Bd6 Kf5 72. Be7 Nf4 73. Bf6 h5 74. Bd8 Nd5 75. Bf6 h4 0-1

[Event "Wiesbaden op 30th"]
[Site "Wiesbaden"]
[Date "2018.08.26"]
[Round "6"]
[White "Koerbel, Ekkehard"]
[Black "Triantafillidis, Simeon"]
[Result "0-1"]
[WhiteElo "1810"]
[BlackElo "1972"]
[PlyCount "72"]
[EventDate "2018.08.23"]
[EventType "swiss"]
[EventRounds "7"]
[EventCountry "GER"]
[SourceTitle "CBM 186 Extra"]
[Source "ChessBase"]
[SourceDate "2018.08.24"]
[SourceVersion "1"]
[SourceVersionDate "2018.08.24"]
[SourceQuality "1"]

1. e4 e5 2. Nf3 Nc6 3. Bc4 Nf6 4. d3 Be7 5. 0-0 0-0 6. Bb3 d5 7. Nbd2 Bg4 8. h3 Bh5 9. c3 Qd7 10. Re1 dxe4 11. dxe4 Rad8 12. Bc2 h6 13. Qe2 Nh7 14. Qb5 Bg5 15. Nxg5 Nxg5 16. Kh2 Bg6 17. Nf1 Ne6 18. Be3 Nf4 19. Ng3 h5 20. Rad1 Qe6 21. Bxf4 exf4 22. Nxh5 f3 23. g3 Rxd1 24. Rxd1 a6 25. Qg5 Qxa2 26. e5 Qxb2 27. Rd2 Qxc3 28. Bxg6 fxg6 29. Qxg6 Qxe5 30. Rd7 Ne7 31. Qg4 Qb2 32. Qc4+ Kh8 33. Qc5 Rf5 34. Qe3 Re5 35. Rd8+ Kh7 36. Qxf3 Rf5 0-1

[Event "Wiesbaden op 30th"]
[Site "Wiesbaden"]
[Date "2018.08.25"]
[Round "4"]
[White "Koerbel, Ekkehard"]
[Black "Masoudi, Kian"]
[Result "1-0"]
[WhiteElo "1810"]
[BlackElo "1588"]
[PlyCount "135"]
[EventDate "2018.08.23"]
[EventType "swiss"]
[EventRounds "7"]
[EventCountry "GER"]
[SourceTitle "CBM 186 Extra"]
[Source "ChessBase"]
[SourceDate "2018.08.24"]
[SourceVersion "1"]
[SourceVersionDate "2018.08.24"]
[SourceQuality "1"]

1. e4 e5 2. Nf3 Nc6 3. Bc4 Nf6 4. d3 Bc5 5. c3 h6 6. h3 Bb6 7. Nbd2 d6 8. Nf1 Be6 9. Bb5 Qd7 10. Be3 Bxe3 11. Nxe3 a6 12. Ba4 b5 13. Bc2 d5 14. exd5 Nxd5 15. 0-0 Nf4 16. d4 exd4 17. cxd4 Nxd4 18. Nxd4 Qxd4 19. Qf3 0-0 20. Rad1 Qf6 21. Ng4 Qg5 22. Rd4 Ng6 23. Bxg6 Qxg6 24. Rfd1 c5 25. Rd6 Qg5 26. Ne3 Qe5 27. b3 a5 28. Qc6 Rab8 29. Qa6 Qc3 30. R6d3 Qe5 31. Qxa5 Qg5 32. Kh2 Qf4+ 33. Kg1 c4 34. bxc4 bxc4 35. Rd4 Qf6 36. Nxc4 Bxc4 37. Rxc4 Rb2 38. Rf1 Rfb8 39. Qa7 R2b7 40. Qa4 Qb6 41. Rfc1 Ra7 42. Rc8+ Rxc8 43. Rxc8+ Kh7 44. Qe4+ Qg6 45. Qxg6+ Kxg6 46. Rc2 Kf5 47. Kf1 Re7 48. g3 Re4 49. Rc5+ Ke6 50. h4 f5 51. f4 Kf6 52. h5 Rb4 53. Rc6+ Kf7 54. Rc2 Kf6 55. Ke2 Re4+ 56. Kd2 Ra4 57. Ke2 Ra6 58. Kf2 g5 59. hxg6 Kxg6 60. Kg2 Kf6 61. Kh3 Ke6 62. Rd2 Ra3 63. Kg2 Kf6 64. Rb2 Ra6 65. Kf1 Ra3 66. Rg2 Kg6 67. Ke1 Kh5 68. Kf1 1-0

[Event "Wiesbaden op 30th"]
[Site "Wiesbaden"]
[Date "2018.08.25"]
[Round "5"]
[White "Schneider, Stephan1111"]
[Black "Koerbel, Ekkehard"]
[Result "0-1"]
[WhiteElo "1470"]
[BlackElo "1810"]
[PlyCount "84"]
[EventDate "2018.08.23"]
[EventType "swiss"]
[EventRounds "7"]
[EventCountry "GER"]
[SourceTitle "CBM 186 Extra"]
[Source "ChessBase"]
[SourceDate "2018.08.24"]
[SourceVersion "1"]
[SourceVersionDate "2018.08.24"]
[SourceQuality "1"]

1. e4 e5 2. Nf3 Nc6 3. Bc4 Bc5 4. c3 Nf6 5. d3 d6 6. Bb3 a5 7. a4 Ba7 8. Nbd2 0-0 9. Nf1 Ng4 10. Ne3 Nxe3 11. Bxe3 Qf6 12. h3 Be6 13. Bc2 h6 14. g4 Bxe3 15. fxe3 Rad8 16. Qe2 Na7 17. Kd2 d5 18. d4 dxe4 19. Bxe4 Rfe8 20. Kc2 exd4 21. cxd4 c5 22. Raf1 Qe7 23. Rd1 cxd4 24. Nxd4 Bc4 25. Bd3 Bxd3+ 26. Rxd3 Qc5+ 27. Kd2 Qb4+ 28. Kc2 Rxd4 29. Rxd4 Qxd4 30. exd4 Rxe2+ 31. Kc3 Kf8 32. b4 axb4+ 33. Kxb4 b6 34. Rb1 Ke7 35. Kc4 Re6 36. a5 b5+ 37. Kb4 Kd7 38. Rc1 Re3 39. Rc3 Nc6+ 40. Kb3 Nxa5+ 41. Kb4 Nc6+ 42. Kb3 Nxd4+ 0-1

[Event "Vellmar op 9th"]
[Site "Vellmar"]
[Date "2017.07.14"]
[Round "2"]
[White "Koerbel, Ekkehard"]
[Black "Nilsson, Anders1111"]
[Result "0-1"]
[WhiteElo "1838"]
[BlackElo "2192"]
[PlyCount "80"]
[EventDate "2017.07.13"]
[EventType "swiss"]
[EventRounds "7"]
[EventCountry "GER"]
[SourceTitle "CBM 179 Extra"]
[Source "ChessBase"]
[SourceDate "2017.08.23"]
[SourceVersion "1"]
[SourceVersionDate "2017.08.23"]
[SourceQuality "1"]

1. e4 e6 2. d3 d5 3. Nd2 Nf6 4. Ngf3 Nc6 5. g3 dxe4 6. dxe4 Bc5 7. Qe2 Ng4 8. Bg2 Bxf2+ 9. Kf1 Bc5 10. Nb3 Bb6 11. h3 Nge5 12. Bg5 f6 13. Rd1 Qe7 14. Be3 0-0 15. Kg1 Nxf3+ 16. Bxf3 Ne5 17. Bg2 Bxe3+ 18. Qxe3 b6 19. Kh2 Bb7 20. Nd4 c5 21. Ne2 Rfd8 22. Nf4 Rd7 23. Qb3 c4 24. Qa4 Bc6 25. Rxd7 Qxd7 26. Qb4 Rd8 27. Re1 Qd2 28. Qxd2 Rxd2 29. Re2 Rd6 30. h4 Kf7 31. Kg1 Rd1+ 32. Kh2 g5 33. hxg5 fxg5 34. Nh5 Kg6 35. g4 Nxg4+ 36. Kh3 Ne5 37. Ng3 h5 38. Rf2 h4 39. Nf1 Re1 40. Nd2 Re3+ 0-1

[Event "Hofheim Spring op-B 5th"]
[Site "Hofheim"]
[Date "2017.04.10"]
[Round "7"]
[White "Koerbel, Ekkehard"]
[Black "Schwarz, Matthias1111"]
[Result "0-1"]
[WhiteElo "1910"]
[BlackElo "1641"]
[PlyCount "80"]
[EventDate "2017.04.07"]
[EventType "swiss"]
[EventRounds "9"]
[EventCountry "GER"]
[SourceTitle "CBM 178 Extra"]
[Source "ChessBase"]
[SourceDate "2017.06.22"]
[SourceVersion "1"]
[SourceVersionDate "2017.06.22"]
[SourceQuality "1"]

1. e4 e5 2. Nf3 Nc6 3. Bc4 Nf6 4. d3 Bc5 5. c3 a6 6. a4 0-0 7. 0-0 Be7 8. Re1 d6 9. h3 Be6 10. Nbd2 Re8 11. Bxe6 fxe6 12. d4 exd4 13. cxd4 d5 14. e5 Nd7 15. Nf1 Nb4 16. Be3 c5 17. Rc1 cxd4 18. Qxd4 Bc5 19. Qd2 Be7 20. Bg5 Bxg5 21. Nxg5 a5 22. f4 Qb6+ 23. Qe3 Nd3 24. Red1 Qxe3+ 25. Nxe3 Nxc1 26. Rxc1 h6 27. Rc7 hxg5 28. Rxd7 gxf4 29. Nc2 Rad8 30. Rxd8 Rxd8 31. Nd4 Kf7 32. Kf2 Rc8 33. b3 Rc3 34. h4 Rd3 35. Ne2 Rxb3 36. Nxf4 Rb4 37. g3 Rxa4 38. Nd3 Ra2+ 39. Ke3 Ra3 40. Kd4 Rxd3+ 0-1

[Event "Hofheim Spring op-B 5th"]
[Site "Hofheim"]
[Date "2017.04.09"]
[Round "5"]
[White "Koerbel, Ekkehard"]
[Black "Hoelss, Manuel"]
[Result "0-1"]
[WhiteElo "1910"]
[BlackElo "1747"]
[PlyCount "66"]
[EventDate "2017.04.07"]
[EventType "swiss"]
[EventRounds "9"]
[EventCountry "GER"]
[SourceTitle "CBM 178 Extra"]
[Source "ChessBase"]
[SourceDate "2017.06.22"]
[SourceVersion "1"]
[SourceVersionDate "2017.06.22"]
[SourceQuality "1"]

1. e4 Nf6 2. e5 Nd5 3. d4 d6 4. c4 Nb6 5. exd6 exd6 6. Nc3 Bf5 7. Be3 Nc6 8. Rc1 g6 9. b3 Bg7 10. Be2 0-0 11. d5 Ne5 12. f4 Ned7 13. g4 Re8 14. Bxb6 axb6 15. Kf1 Be4 16. Bf3 Nc5 17. Kg2 Qh4 18. Nxe4 Nxe4 19. Qc2 Nc3 20. a4 Re3 21. Qf2 Qe7 22. Nh3 Re8 23. Ng5 Bd4 24. Qd2 Ne2 25. Ne6 Qh4 26. Nxd4 Nxf4+ 27. Kf1 Qh3+ 28. Bg2 Nxg2 29. Kg1 Ne1 30. Qf2 Qxg4+ 31. Kf1 Qh3+ 32. Kg1 Nd3 33. Qg2 Re1+ 0-1

[Event "Hofheim Spring op-B 5th"]
[Site "Hofheim"]
[Date "2017.04.07"]
[Round "1"]
[White "Geltz, Noah"]
[Black "Koerbel, Ekkehard"]
[Result "1/2-1/2"]
[WhiteElo "1752"]
[BlackElo "1910"]
[PlyCount "66"]
[EventDate "2017.04.07"]
[EventType "swiss"]
[EventRounds "9"]
[EventCountry "GER"]
[SourceTitle "CBM 178 Extra"]
[Source "ChessBase"]
[SourceDate "2017.06.22"]
[SourceVersion "1"]
[SourceVersionDate "2017.06.22"]
[SourceQuality "1"]

1. d4 f5 2. Nc3 Nf6 3. Bg5 d5 4. e3 e6 5. a3 Bd6 6. Nf3 0-0 7. Bd3 h6 8. Bh4 b6 9. Qe2 Nbd7 10. Nb5 Ba6 11. Nxd6 Bxd3 12. Qxd3 cxd6 13. Bg3 Ne4 14. 0-0 Ndf6 15. Rac1 Qd7 16. Nd2 Nxg3 17. hxg3 e5 18. Qb3 b5 19. Rfe1 Kh8 20. Nf3 Rfe8 21. Rcd1 e4 22. Nd2 g5 23. Nb1 Qf7 24. Kf1 Qh5 25. Nc3 Rec8 26. Nxd5 Nxd5 27. Qxd5 Qh1+ 28. Ke2 Qxg2 29. Qxf5 Rf8 30. Rg1 Rxf5 31. Rxg2 Raf8 32. g4 R5f6 33. Rd2 d5 1/2-1/2

[Event "Staufer op-A 28th"]
[Site "Schwaebisch Gmuend"]
[Date "2016.01.03"]
[Round "3"]
[White "Rosner, Jonas"]
[Black "Koerbel, Ekkehard"]
[Result "1-0"]
[WhiteElo "2372"]
[BlackElo "1895"]
[PlyCount "71"]
[EventDate "2016.01.02"]
[EventType "swiss"]
[EventRounds "9"]
[EventCountry "GER"]
[SourceTitle "CBM 170 Extra"]
[Source "ChessBase"]
[SourceDate "2016.02.25"]
[SourceVersion "1"]
[SourceVersionDate "2016.02.25"]
[SourceQuality "1"]

1. e4 e5 2. Nf3 Nc6 3. Bb5 g6 4. 0-0 Bg7 5. c3 a6 6. Ba4 d6 7. d4 Bd7 8. d5 Nce7 9. Bxd7+ Qxd7 10. c4 Nf6 11. Nc3 0-0 12. Be3 h6 13. Ne1 Nh5 14. Nd3 c5 15. dxc6 bxc6 16. Qd2 Qe6 17. c5 d5 18. Bxh6 d4 19. Nd1 a5 20. Bxg7 Kxg7 21. b3 a4 22. b4 a3 23. f4 exf4 24. Nxf4 Qxe4 25. Nxh5+ gxh5 26. Rf4 Qe5 27. Nf2 Nd5 28. Rxd4 Rfe8 29. Ne4 Nf4 30. Re1 Qc7 31. Nd6 Rxe1+ 32. Qxe1 Ne6 33. Qe5+ Kg8 34. Rd3 Rd8 35. Qxh5 Qe7 36. Rg3+ 1-0